Asbestos: the agenda. (Record no. 60972)
[ view plain ]
| 000 -LEADER | |
|---|---|
| fixed length control field | 00977cam a2200181 4500 |
| 001 - CONTROL NUMBER | |
| control field | ABS61251 |
| 008 - FIXED-LENGTH DATA ELEMENTS--GENERAL INFORMATION | |
| fixed length control field | 000000n1999 000 0 eng u |
| 035 ## - SYSTEM CONTROL NUMBER | |
| System control number | (Sirsi) u101867 |
| 100 ## - MAIN ENTRY--PERSONAL NAME | |
| Personal name | Grinfeld, A. |
| 245 ## - TITLE STATEMENT | |
| Title | Asbestos: the agenda. |
| 260 ## - PUBLICATION, DISTRIBUTION, ETC. | |
| Date of publication, distribution, etc. | 1999 |
| 490 ## - SERIES STATEMENT | |
| Series statement | RIBA Journal |
| Volume/sequential designation | 106(9) September 1999, 98-101(2) |
| 520 ## - SUMMARY, ETC. | |
| Summary, etc. | Explains the effects of four amendments to the asbestos regulations coming into force in 1999 and 2000. In particular, plans to amend the Control of Asbestos at Work (CAW) Regulations 1987 will require people in control of non-domestic premises to identify, assess and manage asbestos risks in their buildings. This is an extension of the current basic duty to manage asbestos. Summarises the risks of asbestos and methods of carrying out an asbestos survey & risk assessment. |
| 650 ## - SUBJECT ADDED ENTRY--TOPICAL TERM | |
| Topical term or geographic name entry element | MANAGEMENT-HEALTH AND SAFETY-HAZARDOUS SUBSTANCES-ASBESTOS |
| 650 ## - SUBJECT ADDED ENTRY--TOPICAL TERM | |
| Topical term or geographic name entry element | REGULATIONS |
| 690 ## - LOCAL SUBJECT ADDED ENTRY--TOPICAL TERM (OCLC, RLIN) | |
| Topical term or geographic name as entry element | OFFICE SERVICES AND ADMINISTRATION |
| 942 ## - ADDED ENTRY ELEMENTS (KOHA) | |
| Suppress in OPAC | 0 |
| Withdrawn status | Lost status | Source of classification or shelving scheme | Damaged status | Not for loan | Home library | Current library | Shelving location | Date acquired | Total Checkouts | Full call number | Barcode | Date last seen | Copy number | Price effective from | Koha item type |
|---|---|---|---|---|---|---|---|---|---|---|---|---|---|---|---|
| Dewey Decimal Classification | London | London | Journal article | 11/11/1999 | ABS61251 | 101867-1001 | 06/08/2019 | 1 | 06/08/2019 | Journal article |